000 00435nam a2200145Ia 4500
008 100204s9999 xx 000 0 und d
082 _b7643
100 _aवाळिंबे शरदचंद्र्र
245 _aकपटजाल
260 _b"उदयदीप प्रकाशन , मुंबई"
_c1985
300 _a163
630 _aकपटजाल
730 _aकपटजाल
942 _cBOOK
999 _c452079
_d452076